| 000 | 00590nam a2200217 a 4500 | ||
|---|---|---|---|
| 001 | BRCA_5800 | ||
| 005 | 20190320205222.0 | ||
| 008 | 100311c1945----mx-ao#####---#000-0#spa-# | ||
| 041 | _aspa | ||
| 044 | _amx | ||
| 050 | 4 |
_aTR269 _b.A48 _c1945 |
|
| 100 | 1 |
_aÁlvarez Bravo, Manuel. _910450 |
|
| 245 | 1 | 0 |
_aFotografías _bTercera Exposición de la Sociedad de Arte Moderno. |
| 260 |
_aMéxico _c1945 |
||
| 300 |
_a30 p. _bil., 38 láminas _c28 cm. |
||
| 500 | _aH88 | ||
| 650 | 1 | 4 |
_aFotografía _zMéxico _914700 |
| 650 | 1 | 4 |
_aMuseos y Exposiciones. _914701 |
| 902 | _aGFM | ||
| 942 |
_2lcc _cB |
||
| 999 |
_c5489 _d5489 |
||